Nursing and Midwifery Education (Record no. 7740)

MARC details
000 -LEADER
fixed length control field 00422nam a22001457a 4500
020 ## - INTERNATIONAL STANDARD BOOK NUMBER
ISBN 978818324208
050 ## - CALL NUMBER
Classification number RT14
Item number .P35
100 ## - AUTHOR
Personal name Pandey, Rajkumar
245 ## - TITLE
Title Nursing and Midwifery Education
Statement of responsibility, etc by Rajkumar Pandey
260 ## - PUBLICATION INFORMATION
Place of publication New Delhi
Name of publisher Mittal Publications
Year of publication 2007
300 ## - DESCRIPTION
Number of Pages v, 264p ;
500 ## - NOTES
General note includes bibliographic reference and index
650 ## - SUBJECTS
Topical Term Nursing Education
General subdivision Midwifery Education
942 ## - ADDED ENTRY ELEMENTS (KOHA)
Koha item type Books
Holdings
Withdrawn status Lost status Home library Current library Date acquired Full call number Accession Number Koha item type
    Methodist University Library Wenchi Nursing Methodist University Library Wenchi Nursing 23/09/2021 RT14 .P35 31186 Books
    Methodist University Library Wenchi Nursing Methodist University Library Wenchi Nursing 23/09/2021 RT14 .P35 31187 Books
    Methodist University Library Wenchi Nursing Methodist University Library Wenchi Nursing 23/09/2021 RT14 .P35 31188 Books
    Methodist University Library Wenchi Nursing Methodist University Library Wenchi Nursing 23/09/2021 RT14 .P35 31192 Books
Copyright © 2026  MUG Library